| 000 | 00799nam a22001577a 4500 | ||
|---|---|---|---|
| 003 | OSt | ||
| 005 | 20150914100647.0 | ||
| 008 | 150914b xxu||||| |||| 00| 0 eng d | ||
| 040 | _cRUA | ||
| 082 | _aAGR BUN 2000 B022 Or.1 | ||
| 100 |
_9435 _aBUN, SIENG. |
||
| 245 | _aឥទ្ធិពលនៃការប្រើប្រាស់ជីថ្មផូស្វាតទៅលើការដុះលូតលាស់របស់ដំណាំស្រូវ នៅលើដីខ្សាច់ខ្សត់ជីជាតិ និងដីឥដ្ឋអាស៊ីតខ្លាំង (effect of rock phosphate ferthlizer applications on the growth of rice on infertile sandy and acid clay soils) | ||
| 260 |
_aPhnom Penh _bRUA _c2000 |
||
| 300 |
_a72p. _bill. _c29cm. |
||
| 942 |
_2ddc _cAGR |
||
| 999 |
_c412 _d412 |
||